000 00444nam a2200157Ia 4500
005 20250502102028.0
008 231217s9999 xx 000 0 und d
020 _a9781420064803
082 _a621.319 VED;1 R
100 _aVedam Sastry, R. Sarma, Mulukutla S.
245 0 _aPower quality : VAR compensation in power systems
260 _c2009
_bCRC Press
_aNew York
300 _a283
650 _aquality,VAR,compensation
942 _cAA
999 _c183542
_d183542